00888cam a2200253 a 450000100060000000300080000600500170001400800460003103500140007704000230009104100080011408200260012210000230014824500430017126000650021430000370027950400660031665000260038265000350040865000390044370000320048270000310051485600890054531466BD-RjUL20211209051714.0140416s193 61960 nyua b 001 0 eng  a(BD-RjUL) aDLCcDLCdDLCbeng aeng00a261.55220bRUR 1960 a Russell ,Bertrand00aReligion & science :cBertrand Russell aNew York :bOxford University Press ,c1935 [Reprinted 1960] axxiii, 254 p. ;bill. ;c 21 cm. aIncludes bibliographical references (p. [429]-438) and index. 0aReligion and science. 0aReligion and sciencexHistory. 0aReligion and sciencexMethodology.1 aRichardson, W. Mark,d1949-1 aWildman, Wesley J.,d1961-423Publisher descriptionuhttp://www.loc.gov/catdir/enhancements/fy0651/95047045-d.html